<?xml version="1.0" encoding="UTF-8"?>
<record
    xmlns:xsi="http://www.w3.org/2001/XMLSchema-instance"
    xsi:schemaLocation="http://www.loc.gov/MARC21/slim http://www.loc.gov/standards/marcxml/schema/MARC21slim.xsd"
    xmlns="http://www.loc.gov/MARC21/slim">

  <leader>01729nam a2200397   4500</leader>
  <controlfield tag="001">14000</controlfield>
  <controlfield tag="003">http://catalogue.bnf.fr/ark:/12148/cb48670943t</controlfield>
  <controlfield tag="005">20260113164025.0</controlfield>
  <datafield tag="010" ind1=" " ind2=" ">
    <subfield code="a">9782958694258</subfield>
    <subfield code="d">6 EUR</subfield>
  </datafield>
  <datafield tag="073" ind1=" " ind2="0">
    <subfield code="a">9782958694258</subfield>
  </datafield>
  <datafield tag="090" ind1=" " ind2=" ">
    <subfield code="a">14000</subfield>
  </datafield>
  <datafield tag="099" ind1=" " ind2=" ">
    <subfield code="o">0</subfield>
  </datafield>
  <datafield tag="100" ind1=" " ind2=" ">
    <subfield code="a">20251222d2025    m  y0frey50      ba</subfield>
  </datafield>
  <datafield tag="101" ind1="0" ind2=" ">
    <subfield code="a">fre</subfield>
  </datafield>
  <datafield tag="102" ind1=" " ind2=" ">
    <subfield code="a">FR</subfield>
  </datafield>
  <datafield tag="105" ind1=" " ind2=" ">
    <subfield code="a">||||z   00|||</subfield>
  </datafield>
  <datafield tag="181" ind1=" " ind2="0">
    <subfield code="6">01</subfield>
    <subfield code="a">i </subfield>
    <subfield code="b">xxxe  </subfield>
  </datafield>
  <datafield tag="181" ind1=" " ind2=" ">
    <subfield code="6">02</subfield>
    <subfield code="c">txt</subfield>
    <subfield code="2">rdacontent</subfield>
  </datafield>
  <datafield tag="182" ind1=" " ind2="0">
    <subfield code="6">01</subfield>
    <subfield code="a">n</subfield>
  </datafield>
  <datafield tag="182" ind1=" " ind2=" ">
    <subfield code="6">02</subfield>
    <subfield code="c">n</subfield>
    <subfield code="2">rdamedia</subfield>
  </datafield>
  <datafield tag="200" ind1="1" ind2=" ">
    <subfield code="a">Je peux pas j'ai Noah</subfield>
    <subfield code="b">LIVR</subfield>
  </datafield>
  <datafield tag="214" ind1=" " ind2="0">
    <subfield code="c">La Maison Th&#xE9;&#xE2;tre</subfield>
    <subfield code="d">2025</subfield>
  </datafield>
  <datafield tag="214" ind1=" " ind2="3">
    <subfield code="c">Impr. OTT IMPRIMEUR</subfield>
  </datafield>
  <datafield tag="214" ind1=" " ind2="0">
    <subfield code="a">Strasbourg</subfield>
  </datafield>
  <datafield tag="214" ind1=" " ind2="3">
    <subfield code="a">67-Wasselone</subfield>
  </datafield>
  <datafield tag="215" ind1=" " ind2=" ">
    <subfield code="a">1 vol. (29 p.)</subfield>
  </datafield>
  <datafield tag="215" ind1=" " ind2=" ">
    <subfield code="d">21 cm</subfield>
  </datafield>
  <datafield tag="225" ind1="1" ind2=" ">
    <subfield code="a">Les cahiers th&#xE9;&#xE2;tre</subfield>
    <subfield code="v">n&#xB0; 22</subfield>
  </datafield>
  <datafield tag="225" ind1="1" ind2=" ">
    <subfield code="i">d&#xE8;s 11 ans</subfield>
  </datafield>
  <datafield tag="323" ind1=" " ind2=" ">
    <subfield code="a">5 personnages</subfield>
  </datafield>
  <datafield tag="330" ind1=" " ind2=" ">
    <subfield code="a">Mila et Noah, c est LE couple dans la cour du coll&#xE8;ge. Il et elle ne se quittent plus et les autres semblent g&#xEA;ner Noah. Est-ce au nom de l amour qu il se f&#xE2;che &#xE0; propos d une jupe que Mila portait pour lui plaire ? Pourquoi lui imposet- il une relation exclusive qui l engloutit chaque jour un peu plus ? Heureusement, Capu, son amie, est l une des branches auxquelles Mila pourra s accrocher pour retrouver le go&#xFB;t de la vie. Catherine Verlaguet aborde avec beaucoup de d&#xE9;licatesse et de subtilit&#xE9; la question de la relation amoureuse qui, d&#xE8;s le plus jeune &#xE2;ge, peut &#xEA;tre toxique. Essentiel, surtout d&#xE8;s les premiers &#xE9;mois.</subfield>
  </datafield>
  <datafield tag="610" ind1=" " ind2=" ">
    <subfield code="a">jeunesse</subfield>
    <subfield code="a">adolescence</subfield>
    <subfield code="a">romance</subfield>
  </datafield>
  <datafield tag="700" ind1=" " ind2=" ">
    <subfield code="a">Verlaguet</subfield>
    <subfield code="b">Catherine</subfield>
  </datafield>
  <datafield tag="700" ind1=" " ind2=" ">
    <subfield code="c">Auteur du texte</subfield>
  </datafield>
  <datafield tag="801" ind1=" " ind2="0">
    <subfield code="a">FR</subfield>
    <subfield code="b">FR-751131015</subfield>
    <subfield code="c">20251222</subfield>
    <subfield code="g">AFNOR</subfield>
    <subfield code="h">FRBNF486709430000007</subfield>
  </datafield>
  <datafield tag="856" ind1=" " ind2="2">
    <subfield code="u">1147944</subfield>
    <subfield code="b">Premi&#xE8;re de couverture</subfield>
  </datafield>
  <datafield tag="995" ind1=" " ind2=" ">
    <subfield code="2">0</subfield>
    <subfield code="5">2026-01-13</subfield>
    <subfield code="9">13893</subfield>
    <subfield code="c">JOL</subfield>
    <subfield code="f">JOL-007701</subfield>
    <subfield code="k">TH JP VER 5</subfield>
    <subfield code="o">0</subfield>
    <subfield code="b">JOL</subfield>
    <subfield code="r">LIVR</subfield>
  </datafield>
</record>
